00301nam a2200121Ia 4500008004100000082001400041100001700055245004700072250000800119260002400127300001000151650001800161150201s2008 xx 000 0 und d a301bS08N aNEERAJA , PK aTB OF SOCIOLOGY FOR PHYSIOTHERAPY STUDENTS a1ST bJAYPEEaDELHIc2008 a1-470 aPHYSIOTHERAPY